| 000 | 00641nam a22001937a 4500 | ||
|---|---|---|---|
| 005 | 20100504112350.0 | ||
| 008 | 100504t xxu||||| |||| 00| 0 eng d | ||
| 020 |
_a9788183333238 _c360.00 |
||
| 037 | _bPUB | ||
| 040 | _aDPL | ||
| 100 | _aNarayanan, V. | ||
| 245 |
_aSapfi financial accounting / _cby V. Narayanan |
||
| 260 |
_aNew Delhi _bBPB Publications _c2010 |
||
| 270 |
_aB-14,Connaught place, _bNew Delhi _e110001 |
||
| 300 |
_axxiv,, 396p. : _c24 cm. (Pbk) _eillu. |
||
| 500 | _aincludes index | ||
| 942 |
_2ddc _cEN _mNAR |
||
| 999 |
_c35635 _d35635 |
||